000
00220nam a22001097a 4500
003
OSt
008
241204b |||||||| |||| 00| 0 eng d
041
_a
eng
100
_a
Cherukad
_9
4888
245
_a
Marumakal
942
_c
BK
999
_c
18255
_d
18255